| 000 | 00629nam a2200217Ia 4500 | ||
|---|---|---|---|
| 008 | 191130s2005##################000#0#eng## | ||
| 020 | _a9781851685110 | ||
| 040 |
_aACL _cACL |
||
| 082 | _a297.4092 CHI | ||
| 100 | _aChittick, William C | ||
| 245 |
_aIbn ʻArabi : heir to the prophets _cWilliam C. Chittick |
||
| 260 |
_aOxford _bOneworld _c©2005 |
||
| 300 | _avii, 152 p. ; 23 cm | ||
| 500 | _aIncludes index | ||
| 650 | _aIbn al-ʻArabī, -- 1165-1240 | ||
| 650 | _aIbn-al-Arabi, Muhji-ad-Din | ||
| 650 | _aSufis -- Biography | ||
| 990 | _aedeb318eac10000c124dab826c74bdea | ||
| 991 | _a251743 | ||
| 999 |
_c266687 _d266687 |
||